| 000 | 00748nam a22002055i 4500 | ||
|---|---|---|---|
| 001 | 157403 | ||
| 003 | ES-MaACL | ||
| 005 | 20230906210658.0 | ||
| 008 | 040823s1893 xxk |||| | eng d | ||
| 040 |
_aCAM _bspa _cCAM |
||
| 100 | 1 |
_aLecky, William Edward Hartpole. _971080 |
|
| 245 | 1 | 0 |
_aHistory of the rise and influence of the spirit of rationalism in Europe / _cby William Edward Hartpole Lecky. |
| 250 | _aNew ed. | ||
| 260 |
_aLondon : _bLongmans, Green and Co., _c1893 ( _fSpottiswoode and Co.) |
||
| 300 |
_a2 v. (XIII, 430 ; XXXI, 408 p.) ; _c19 cm. |
||
| 650 | 0 | 4 |
_aRacionalismo- _xHistoria- _zEuropa. _9222788 |
| 752 |
_aGran BretaƱa - _cLondres |
||
| 852 |
_aES-MaACL _jG-11271-11272 _z-- Enc. ed. en tela |
||
| 999 |
_c157403 _d157403 |
||